l'Amérique du sud facile-Quiz choix multiple - Statistiques

Statistiques générales
  • Ce quiz a été pris 25 fois
  • Le résultat moyen est 4 sur 5
Statistiques - réponses
Question Réponse % Correct
Quelle est la capitale du Brésil Brasilia
96%
Quelle pays a un soleil dans son drapeau Argentine
92%
Quelle pays est le plus grand Bresil
92%
Quelle est la capitale de la Bolivie ( question dure pour ce quiz ) Sucre
79%
Question final : combien de pays compte l'Amérique du sud 12
67%
Aucun quiz correspondant
Distribution des résultats
% des personnes avec chaque résultat
Percentile par nombre de réponses
Votre historique - résultats
Vous n’avez pas pris ce quiz